[Event "La Fere op 7th"]
[Site "La Fere"]
[Date "2008.07.09"]
[Round "6"]
[White "Demeestere, Laurent"]
[Black "Pierret, Paul"]
[Result "1-0"]
[WhiteElo "1941"]
[BlackElo "1591"]
[PlyCount "69"]
[EventDate "2008.07.05"]
[EventType "swiss"]
[EventRounds "9"]
[EventCountry "FRA"]
[SourceTitle "CBM 125 Extra"]
[Source "ChessBase"]
[SourceDate "2008.09.01"]
[SourceVersion "1"]
[SourceVersionDate "2008.09.01"]
[SourceQuality "1"]

1. e4 e5 2. Nf3 d6 3. d4 exd4 4. Nxd4 c5 5. Nf3 a6 6. a4 Bd7 7. Bc4 h6 8. Qd5 Be6 9. Qxb7 Nd7 10. Bxe6 fxe6 11. 0-0 Qb8 12. Qxb8+ Rxb8 13. Nc3 Be7 14. Rd1 Nb6 15. a5 Nd7 16. Rd3 Rd8 17. Bf4 Nf8 18. Rad1 Nd7 19. Bxd6 Ngf6 20. e5 Ng4 21. Bc7 Ngxe5 22. Nxe5 Nxe5 23. Rxd8+ Bxd8 24. Rxd8+ Ke7 25. Rxh8 Nc4 26. b3 Na3 27. Ra8 Nxc2 28. Rxa6 Kd7 29. Be5 g6 30. Rd6+ Ke7 31. a6 Na3 32. a7 Nc2 33. a8Q Nb4 34. Qd8+ Kf7 35. Rd7# 1-0

[Event "La Fere op 7th"]
[Site "La Fere"]
[Date "2008.07.07"]
[Round "4"]
[White "Demeestere, Laurent"]
[Black "Delorme, Laurie"]
[Result "0-1"]
[WhiteElo "1941"]
[BlackElo "2155"]
[PlyCount "54"]
[EventDate "2008.07.05"]
[EventType "swiss"]
[EventRounds "9"]
[EventCountry "FRA"]
[SourceTitle "CBM 125 Extra"]
[Source "ChessBase"]
[SourceDate "2008.09.01"]
[SourceVersion "1"]
[SourceVersionDate "2008.09.01"]
[SourceQuality "1"]

1. e4 e5 2. Nf3 Nc6 3. d4 exd4 4. Nxd4 Nf6 5. Nxc6 bxc6 6. e5 Qe7 7. Qe2 Nd5 8. c4 Ba6 9. b3 g5 10. Qe4 Bg7 11. Bb2 Nf4 12. Nd2 Ng6 13. Nf3 Qb4+ 14. Kd1 0-0-0 15. Kc2 Rhe8 16. Qe3 Kb8 17. Bc3 Qf8 18. Qxg5 d6 19. exd6 Bxc3 20. Kxc3 Qh8+ 21. Nd4 Rxd6 22. Rd1 Re4 23. Qc5 Nf4 24. f3 Rdxd4 25. Rxd4 Ne6 26. Qb4+ Bb7 27. c5 Rxd4 0-1

[Event "La Fere op 5th"]
[Site "La Fere"]
[Date "2006.07.08"]
[Round "1"]
[White "Demeestere, Laurent"]
[Black "Belloc, Sidonie"]
[Result "1/2-1/2"]
[WhiteElo "1954"]
[BlackElo "1771"]
[PlyCount "79"]
[EventDate "2006.07.08"]
[EventType "swiss"]
[EventRounds "9"]
[EventCountry "FRA"]
[SourceTitle "CBM 113 Extra"]
[Source "ChessBase"]
[SourceDate "2006.09.14"]
[SourceVersion "1"]
[SourceVersionDate "2006.09.14"]
[SourceQuality "1"]

1. d4 d5 2. c4 e6 3. Nc3 Nf6 4. Bg5 c6 5. cxd5 cxd5 6. e3 Nc6 7. Bd3 h6 8. Bh4 Be7 9. Nf3 0-0 10. 0-0 Bd7 11. Rc1 a6 12. Na4 Nb4 13. Bb1 Bxa4 14. Qxa4 Qb6 15. a3 Nc6 16. Qc2 Rfd8 17. Ne5 Rac8 18. Bxf6 Bxf6 19. Ng4 Kf8 20. Nxf6 gxf6 21. Qc5+ Qxc5 22. Rxc5 Na7 23. Rfc1 Rxc5 24. Rxc5 Rc8 25. Kf1 Rxc5 26. dxc5 Ke7 27. Ke2 Kd7 28. Kf3 Ke7 29. Kg4 Kf8 30. Kh5 Kg7 31. b4 Nc6 32. Bc2 Na7 33. a4 Nc6 34. b5 Nb4 35. b6 Nc6 36. Bb3 Na5 37. Ba2 Nc6 38. h4 Ne5 39. Bb1 f5 40. g4 1/2-1/2

[Event "La Fere op 3rd"]
[Site "La Fere"]
[Date "2004.07.03"]
[Round "1"]
[White "Demeestere, Laurent"]
[Black "Pytel, Krzysztof"]
[Result "0-1"]
[WhiteElo "1954"]
[BlackElo "2416"]
[PlyCount "78"]
[EventDate "2004.07.03"]
[EventType "swiss"]
[EventRounds "9"]
[EventCountry "FRA"]
[SourceTitle "CBM 101 Extra"]
[Source "ChessBase"]
[SourceDate "2004.09.01"]
[SourceVersion "2"]
[SourceVersionDate "2004.09.01"]
[SourceQuality "1"]

1. e4 d6 2. d4 Nf6 3. Nc3 Nbd7 4. Nf3 e5 5. Bc4 Be7 6. dxe5 dxe5 7. 0-0 0-0 8. Qe2 c6 9. Rd1 Qc7 10. a4 Nc5 11. h3 Ne6 12. Be3 a5 13. Ng5 Nxg5 14. Bxg5 Ne8 15. Bxe7 Qxe7 16. Qe3 Nc7 17. Rd2 Ne6 18. Bxe6 Bxe6 19. Rad1 h6 20. Rd6 Rfd8 21. Qc5 Rxd6 22. Rxd6 Qg5 23. Nd1 Bxh3 24. Ne3 Be6 25. Qb6 Qe7 26. Qc5 Re8 27. Qxe5 Qg5 28. Qd4 h5 29. e5 h4 30. f4 Qg3 31. f5 Bd5 32. Nxd5 cxd5 33. Rxd5 h3 34. Qe4 hxg2 35. e6 fxe6 36. fxe6 Qh3 37. Qxg2 Qxe6 38. Rg5 Qe1+ 39. Kh2 Qh4+ 0-1

[Event "Le Touquet op 18th"]
[Site "Le Touquet"]
[Date "2003.10.30"]
[Round "6"]
[White "Oger, Claude"]
[Black "Demeestere, Laurent"]
[Result "1-0"]
[WhiteElo "2058"]
[BlackElo "1934"]
[PlyCount "57"]
[EventDate "2003.10.26"]
[EventType "swiss"]
[EventRounds "9"]
[EventCountry "FRA"]
[SourceTitle "EXT 2004"]
[Source "ChessBase"]
[SourceDate "2003.11.25"]
[SourceVersion "1"]
[SourceVersionDate "2003.11.25"]
[SourceQuality "1"]

1. e4 c5 2. c3 d5 3. exd5 Qxd5 4. d4 Nc6 5. Nf3 Bg4 6. Be2 Rd8 7. Be3 e5 8. Nxe5 Bxe2 9. Qxe2 Qxg2 10. Rf1 Nxe5 11. dxe5 Qc6 12. Nd2 Ne7 13. 0-0-0 Nd5 14. Ne4 Nxe3 15. Qxe3 Qe6 16. Nxc5 Bxc5 17. Qxc5 Qc6 18. Rxd8+ Kxd8 19. Rd1+ Kc7 20. Qe7+ Kc8 21. Qxf7 Qh6+ 22. f4 Qg6 23. Qd7+ Kb8 24. e6 Qf6 25. Qd6+ Kc8 26. Rd4 b6 27. Rc4+ Kb7 28. Rc7+ Ka6 29. Qa3+ 1-0

[Event "Le Touquet op 18th"]
[Site "Le Touquet"]
[Date "2003.10.28"]
[Round "3"]
[White "Demeestere, Laurent"]
[Black "Manet, Eric"]
[Result "1-0"]
[WhiteElo "1934"]
[BlackElo "2078"]
[PlyCount "51"]
[EventDate "2003.10.26"]
[EventType "swiss"]
[EventRounds "9"]
[EventCountry "FRA"]
[SourceTitle "EXT 2004"]
[Source "ChessBase"]
[SourceDate "2003.11.25"]
[SourceVersion "1"]
[SourceVersionDate "2003.11.25"]
[SourceQuality "1"]

1. e4 c5 2. d4 cxd4 3. c3 dxc3 4. Nxc3 Nc6 5. Nf3 d6 6. Bc4 e6 7. Qe2 Nf6 8. 0-0 Be7 9. Rd1 e5 10. h3 0-0 11. Be3 Be6 12. Bxe6 fxe6 13. Rac1 Qd7 14. Rc2 Rfd8 15. Rcd2 Rac8 16. Bc5 Ne8 17. Nb5 b6 18. Ba3 a6 19. Nxd6 Nxd6 20. Bxd6 Bxd6 21. Rxd6 Nd4 22. Rxd7 Nxe2+ 23. Kh2 Rxd7 24. Rxd7 Rc2 25. Ng5 h6 26. Rd8# 1-0